Plural cultures and monolithic structures : (Record no. 84454)

MARC details
000 -LEADER
fixed length control field 00695nam a22002177a 4500
005 - DATE AND TIME OF LATEST TRANSACTION
control field 20140731115410.0
010 ## - LCCN (DPL NO)
LC control number ENG-110058
020 ## - INTERNATIONAL STANDARD BOOK NUMBER
International Standard Book Number 9789380607450
Terms of availability 850.00
035 ## - SYSTEM CONTROL NUMBER
System control number EN-93591
037 ## - SOURCE OF ACQUISITION
Source of stock number/acquisition DBAD/PUB
082 ## - DEWEY DECIMAL CLASSIFICATION NUMBER
Classification number 954
100 ## - MAIN ENTRY--PERSONAL NAME
Personal name Vatsyayan, Kapila
245 ## - TITLE STATEMENT
Title Plural cultures and monolithic structures :
Statement of responsibility, etc by Kapila Vatsyayan
Remainder of title comprehending India /
260 ## - PUBLICATION, DISTRIBUTION, ETC. (IMPRINT)
Place of publication, distribution, etc Delhi
Name of publisher, distributor, etc Primus Books
Date of publication, distribution, etc 2013
270 ## - ADDRESS
Address Virat Bhavan, Mukherjee Nagar Commercial Complex
City Delhi
Postal code 110009
300 ## - PHYSICAL DESCRIPTION
Extent xiii,231p.
Dimensions 24cm(Hb)
500 ## - GENERAL NOTE
General note Includes bibliographical references and index.
650 ## - SUBJECT ADDED ENTRY--TOPICAL TERM
Topical term or geographic name as entry element Multiculturalism
Geographic subdivision India.
700 ## - ADDED ENTRY--PERSONAL NAME
Personal name
942 ## - ADDED ENTRY ELEMENTS (KOHA)
Source of classification or shelving scheme Dewey Decimal Classification
Item type English Books
Call number suffix VAT
Classification part 954
Holdings
Withdrawn status Lost status Not for loan Collection code Home library Current library Date acquired Source of acquisition Cost, normal purchase price Full call number Barcode Copy number Cost, replacement price Koha item type
    Not For Loan Non-fiction D.B.Act.Division D.B.Act.Division 22/05/2014 DBAD/PUB 850.00 954 VAT EN-93591 1 850.00 English Books

© Delhi Public Library
Hit Counter
free hit counter